000 01310cam a2200373 a 4500
001 4836296
003 OSt
005 20260213104757.0
008 900918s1991 ilu b 001 0 eng
010 _a 90049412
020 _a0891075240 :
_c$11.95
020 _a9781433536151
020 _a9781433536153
035 _a4836296
040 _aDLC
_cDLC
_dDLC
050 0 0 _aBS2665.3
_b.H78 1991
082 0 0 _a227/.107
_220
100 1 _aHughes, R. Kent,
_d1942-
245 1 0 _aRomans :
_brighteousness from heaven /
_cR. Kent Hughes.
260 _aWheaton, Ill. :
_bCrossway Books,
_cc1991.
300 _a343 p. ;
_c24 cm.
336 _atext
_btxt
_2rdacontent
337 _aunmediated
_bn
_2rdamedia
338 _avolume
_bnc
_2rdacarrier
440 0 _aPreaching the Word
504 _aIncludes bibliographical references (p. 313-321) and indexes.
630 0 0 _aBible.
_pRomans
_xCommentaries.
630 0 0 _aBible.
_pRomans
_xMeditations.
856 4 2 _3Publisher description
_uhttp://www.loc.gov/catdir/enhancements/fy0912/90049412-d.html
906 _a7
_bcbc
_corignew
_d1
_eocip
_f19
_gy-gencatlg
942 _2lcc
_cBK
999 _c21198
_d21197